MARC details
| 000 -LEADER |
| campo de control de longitud fija |
01451cac a2200241 a 4500 |
| 003 - IDENTIFICADOR DE NÚMERO DE CONTROL |
| campo de control |
Co-PeBPM |
| 005 - FECHA Y HORA DE LA ÚLTIMA TRANSACCIÓN |
| campo de control |
20260331093859.0 |
| 008 - DATOS DE LONGITUD FIJA--INFORMACIÓN GENERAL |
| campo de control de longitud fija |
250211s1994||||ck d|||| |||| 00| 0 spa d |
| 020 ## - NÚMERO INTERNACIONAL ESTÁNDAR DEL LIBRO |
| Número Internacional Estándar del Libro |
8478081046 |
| 040 0# - FUENTE DE CATALOGACIÓN |
| Centro catalogador/agencia de origen |
Co-PeBPM |
| Lengua de catalogación |
spa |
| Centro/agencia transcriptor |
Co-PeBPM |
| Normas de descripción |
rda |
| 041 0# - CÓDIGO DE IDIOMA |
| Código de lengua del texto/banda sonora o título independiente |
spa |
| 082 04 - NÚMERO DE LA CLASIFICACIÓN DECIMAL DEWEY |
| Número de clasificación |
001.9 B471e |
| Número de edición |
22 |
| 100 1# - ENTRADA PRINCIPAL--NOMBRE DE PERSONA |
| Nombre de persona |
Bennett, J.G. |
| Término indicativo de función/relación |
autor |
| 245 10 - MENCIÓN DEL TÍTULO |
| Título |
Estudios sobre el eneagrama |
| Mención de responsabilidad, etc. |
/ J. G. Bennett ; traducido por Elena Sabas Friné |
| 264 ## - PRODUCCIÓN, PUBLICACIÓN, DISTRIBUCIÓN, FABRICACIÓN Y COPYRIGHT |
| Producción, publicación, distribución, fabricación y copyright |
Málaga, España |
| Nombre del de productor, editor, distribuidor, fabricante |
: Editorial Sirio |
| Fecha de producción, publicación, distribución, fabricación o copyright |
, 1994 |
| 300 ## - DESCRIPCIÓN FÍSICA |
| Extensión |
186 páginas |
| Otras características físicas |
; gráficas a blanco y negro |
| Dimensiones |
; 22 centímetros |
| 500 ## - NOTA GENERAL |
| Nota general |
Incluye índice |
| 520 3# - RESUMEN, ETC. |
| Sumario, etc. |
Este libro se aleja de la psicología de la personalidad para recuperar la visión original de Gurdjieff, presentando el eneagrama como un símbolo de procesos dinámicos y leyes universales. A través de lecciones técnicas, Bennett explica cómo el diagrama integra la Ley de Tres (fuerzas creativas) y la Ley de Siete (etapas de desarrollo) para mapear cualquier evento, desde tareas cotidianas hasta la evolución espiritual, con el fin de evitar que se desvíen de su propósito. En esencia, la obra propone que el eneagrama es una herramienta para desarrollar una inteligencia consciente capaz de comprender la estructura del tiempo y la transformación de la energía humana. |
| 650 17 - PUNTO DE ACCESO ADICIONAL DE MATERIA--TÉRMINO DE MATERIA |
| Término de materia o nombre geográfico como elemento de entrada |
Filosofía Esotérica |
| Fuente del encabezamiento o término |
LEMB |
| 650 17 - PUNTO DE ACCESO ADICIONAL DE MATERIA--TÉRMINO DE MATERIA |
| Término de materia o nombre geográfico como elemento de entrada |
Psicología Transpersonal |
| Fuente del encabezamiento o término |
LEMB |
| 700 1# - ENTRADA AGREGADA--NOMBRE PERSONAL |
| Nombre de persona |
Sabas Friné, Elena |
| Término indicativo de función/relación |
traductora |
| 942 ## - ELEMENTOS DE ENTRADA SECUNDARIOS (KOHA) |
| Fuente del sistema de clasificación o colocación |
Clasificación Decimal Dewey |
| Tipo de ítem Koha |
Libros |